Barrier Free Design : Principles Planning Examples (Record no. 18549)

MARC details
000 -LEADER
fixed length control field 00465nam a2200169Ia 4500
008 - FIXED-LENGTH DATA ELEMENTS--GENERAL INFORMATION
fixed length control field 220803s9999 xx 000 0 und d
020 ## - INTERNATIONAL STANDARD BOOK NUMBER
International Standard Book Number 978-303-46057-7-9
041 ## - LANGUAGE CODE
Language code of text/sound track or separate title eng
082 ## - DEWEY DECIMAL CLASSIFICATION NUMBER
Classification number 720.87 HEI/DEG
100 ## - MAIN ENTRY--PERSONAL NAME
Personal name Heiss O
9 (RLIN) 29679
245 ## - TITLE STATEMENT
Title Barrier Free Design : Principles Planning Examples
260 ## - PUBLICATION, DISTRIBUTION, ETC. (IMPRINT)
Place of publication, distribution, etc. Switzerland
Name of publisher, distributor, etc. Birkhuser
Date of publication, distribution, etc. 2010
300 ## - PHYSICAL DESCRIPTION
Extent 112p
500 ## - GENERAL NOTE
Keywords BCUD
650 ## - SUBJECT ADDED ENTRY--TOPICAL TERM
Topical term or geographic name as entry element Architectural Design
9 (RLIN) 29680
700 ## - ADDED ENTRY--PERSONAL NAME
Personal name Degenhart C Heiss O
9 (RLIN) 29681
Holdings
Withdrawn status Lost status Damaged status Not for loan Home library Current library Shelving location Date acquired Vendor Full call number Barcode Date last seen Bill Date Koha item type Original Barcode
      Reference Dr. Bhanuben Nanavati College of Architecture Dr. Bhanuben Nanavati College of Architecture   28/03/2014 Word Book Shop 720.87 HEI/DEG BNCA-DB-1186 03/08/2022 03/08/2022 Donated Book DB001186